Cambridge IGCSE Mandarin as a foreign language. (Record no. 2152)
[ view plain ]
| 000 -LEADER | |
|---|---|
| fixed length control field | 01531cam a2200409 i 4500 |
| 001 - CONTROL NUMBER | |
| control field | 19905517 |
| 003 - CONTROL NUMBER IDENTIFIER | |
| control field | OSt |
| 005 - DATE AND TIME OF LATEST TRANSACTION | |
| control field | 20230313132258.0 |
| 008 - FIXED-LENGTH DATA ELEMENTS--GENERAL INFORMATION | |
| fixed length control field | 170816s2017 enka 000 0 eng |
| 010 ## - LIBRARY OF CONGRESS CONTROL NUMBER | |
| LC control number | 2016591319 |
| 020 ## - INTERNATIONAL STANDARD BOOK NUMBER | |
| International Standard Book Number | 9781316629840 |
| Qualifying information | (Coursebook with Audio CD) |
| 040 ## - CATALOGING SOURCE | |
| Original cataloging agency | DLC |
| Language of cataloging | eng |
| Transcribing agency | DLC |
| Description conventions | rda |
| Modifying agency | KH8 |
| 041 1# - LANGUAGE CODE | |
| Language code of text/sound track or separate title | eng |
| -- | chi |
| 042 ## - AUTHENTICATION CODE | |
| Authentication code | pcc |
| 082 ## - DEWEY DECIMAL CLASSIFICATION NUMBER | |
| Classification number | 495.18 MAK |
| 100 1# - MAIN ENTRY--PERSONAL NAME | |
| Personal name | Mak, Martin, |
| Relator term | author. |
| 245 10 - TITLE STATEMENT | |
| Title | Cambridge IGCSE Mandarin as a foreign language. |
| Name of part/section of a work | Coursebook / |
| Statement of responsibility, etc. | Martin Mak, Xixia Wang and Ivy Liu. |
| 246 30 - VARYING FORM OF TITLE | |
| Title proper/short title | Mandarin as a foreign language |
| 264 #1 - PRODUCTION, PUBLICATION, DISTRIBUTION, MANUFACTURE, AND COPYRIGHT NOTICE | |
| Place of production, publication, distribution, manufacture | Cambridge : |
| Name of producer, publisher, distributor, manufacturer | Cambridge University Press, |
| Date of production, publication, distribution, manufacture, or copyright notice | 2017. |
| 300 ## - PHYSICAL DESCRIPTION | |
| Extent | viii, 240 pages : |
| Other physical details | color illustrations ; |
| Dimensions | 28 cm + |
| Accompanying material | 2 audio discs (digital ; 4 3/4 in.) |
| 336 ## - CONTENT TYPE | |
| Content type term | text |
| Source | rdacontent |
| 336 ## - CONTENT TYPE | |
| Content type term | spoken word |
| Source | rdacontent |
| 337 ## - MEDIA TYPE | |
| Media type term | unmediated |
| Source | rdamedia |
| 337 ## - MEDIA TYPE | |
| Media type term | audio |
| Source | rdamedia |
| 338 ## - CARRIER TYPE | |
| Carrier type term | volume |
| Source | rdacarrier |
| 338 ## - CARRIER TYPE | |
| Carrier type term | audio disc |
| Source | rdacarrier |
| 500 ## - GENERAL NOTE | |
| General note | Includes 2 audio discs in pocket attached to inside of back cover. |
| 650 #0 - SUBJECT ADDED ENTRY--TOPICAL TERM | |
| Topical term or geographic name entry element | Chinese language |
| Form subdivision | Textbooks for foreign speakers |
| General subdivision | English. |
| 650 #0 - SUBJECT ADDED ENTRY--TOPICAL TERM | |
| Topical term or geographic name entry element | Chinese language |
| General subdivision | Spoken Chinese. |
| 650 #0 - SUBJECT ADDED ENTRY--TOPICAL TERM | |
| Topical term or geographic name entry element | Chinese language |
| Form subdivision | Sound recordings for English speakers. |
| 650 #0 - SUBJECT ADDED ENTRY--TOPICAL TERM | |
| Topical term or geographic name entry element | Mandarin dialects. |
| 700 1# - ADDED ENTRY--PERSONAL NAME | |
| Personal name | Wang, Xixia, |
| Relator term | author. |
| 700 1# - ADDED ENTRY--PERSONAL NAME | |
| Personal name | Liu, Ivy |
| Titles and other words associated with a name | (Language teacher) , |
| Relator term | author. |
| 906 ## - LOCAL DATA ELEMENT F, LDF (RLIN) | |
| a | 7 |
| b | cbc |
| c | origres |
| d | 2 |
| e | ncip |
| f | 20 |
| g | y-gencatlg |
| 942 ## - ADDED ENTRY ELEMENTS (KOHA) | |
| Source of classification or shelving scheme | |
| Koha item type | Teaching Resources |
| Withdrawn status | Lost status | Source of classification or shelving scheme | Damaged status | Not for loan | Collection code | Permanent Location | Current Location | Shelving location | Date acquired | Total Checkouts | Full call number | Barcode | Date last seen | Date last checked out | Copy number | Price effective from | Koha item type | Date due |
|---|---|---|---|---|---|---|---|---|---|---|---|---|---|---|---|---|---|---|
| Teaching Resources | KH8 Senior School Library | KH8 Senior School Library | Staff Office | 2023-03-13 | 2 | 495.18 MAK | TRKHSL000488 | 2025-08-27 | 2025-02-19 | 1 | 2023-03-13 | Teaching Resources | ||||||
| Teaching Resources | KH8 Senior School Library | KH8 Senior School Library | Staff Office | 2023-03-13 | 2 | 495.18 MAK | TRKHSL000489 | 2025-06-23 | 2025-01-17 | 2 | 2023-03-13 | Teaching Resources | ||||||
| Teaching Resources | KH8 Senior School Library | KH8 Senior School Library | Staff Office | 2023-03-13 | 4 | 495.18 MAK | TRKHSL000489CD1 | 2025-04-08 | 2025-04-08 | CD1 | 2023-03-13 | Teaching Resources | 2025-07-04 | |||||
| Teaching Resources | KH8 Senior School Library | KH8 Senior School Library | Staff Office | 2023-03-13 | 1 | 495.18 MAK | TRKHSL000489CD2 | 2025-04-08 | 2025-04-08 | CD2 | 2023-03-13 | Teaching Resources | 2025-07-04 | |||||
| Teaching Resources | KH8 Senior School Library | KH8 Senior School Library | Staff Office | 2023-07-18 | 1 | 495.18 MAK | TRKHSL000913 | 2025-01-17 | 2025-01-17 | 2023-07-18 | Teaching Resources | 2025-07-04 | ||||||
| Teaching Resources | KH8 Senior School Library | KH8 Senior School Library | Staff Office | 2023-07-18 | 1 | 495.18 MAK | TRKHSL000914 | 2025-08-27 | 2025-01-17 | 2023-07-18 | Teaching Resources | |||||||
| Teaching Resources | KH8 Senior School Library | KH8 Senior School Library | Staff Office | 2023-07-18 | 1 | 495.18 MAK | TRKHSL000915 | 2025-06-26 | 2025-01-17 | 2023-07-18 | Teaching Resources | |||||||
| Teaching Resources | KH8 Senior School Library | KH8 Senior School Library | Staff Office | 2023-07-18 | 1 | 495.18 MAK | TRKHSL000916 | 2025-06-11 | 2025-01-17 | 2023-07-18 | Teaching Resources | |||||||
| Teaching Resources | KH8 Senior School Library | KH8 Senior School Library | Staff Office | 2023-07-18 | 2 | 495.18 MAK | TRKHSL000917 | 2025-03-19 | 2025-03-19 | 2023-07-18 | Teaching Resources | 2025-07-04 | ||||||
| Teaching Resources | KH8 Senior School Library | KH8 Senior School Library | Staff Office | 2023-07-18 | 1 | 495.18 MAK | TRKHSL000918 | 2025-07-04 | 2025-01-17 | 2023-07-18 | Teaching Resources | |||||||
| Teaching Resources | KH8 Senior School Library | KH8 Senior School Library | Staff Office | 2023-07-18 | 1 | 495.18 MAK | TRKHSL000919 | 2025-08-25 | 2025-01-17 | 2023-07-18 | Teaching Resources | |||||||
| Teaching Resources | KH8 Senior School Library | KH8 Senior School Library | Staff Office | 2023-07-18 | 2 | 495.18 MAK | TRKHSL000920 | 2025-08-26 | 2025-08-26 | 2023-07-18 | Teaching Resources | 2026-07-03 | ||||||
| Teaching Resources | KH8 Senior School Library | KH8 Senior School Library | Staff Office | 2023-07-18 | 2 | 495.18 MAK | TRKHSL000921 | 2026-02-27 | 2026-02-27 | 2023-07-18 | Teaching Resources | 2026-07-03 | ||||||
| Teaching Resources | KH8 Senior School Library | KH8 Senior School Library | Staff Office | 2023-07-18 | 1 | 495.18 MAK | TRKHSL000922 | 2025-06-18 | 2025-01-17 | 2023-07-18 | Teaching Resources | |||||||
| Teaching Resources | KH8 Senior School Library | KH8 Senior School Library | Staff Office | 2023-07-18 | 2 | 495.18 MAK | TRKHSL000923 | 2025-04-08 | 2025-04-08 | 2023-07-18 | Teaching Resources | 2025-07-04 | ||||||
| Teaching Resources | KH8 Senior School Library | KH8 Senior School Library | Staff Office | 2023-07-18 | 495.18 MAK | TRKHSL000913CD1 | 2023-07-18 | CD1 | 2023-07-18 | Teaching Resources | ||||||||
| Teaching Resources | KH8 Senior School Library | KH8 Senior School Library | Staff Office | 2023-07-18 | 495.18 MAK | TRKHSL000913CD2 | 2023-07-18 | CD2 | 2023-07-18 | Teaching Resources | ||||||||
| Teaching Resources | KH8 Senior School Library | KH8 Senior School Library | Staff Office | 2023-07-18 | 495.18 MAK | TRKHSL000914CD1 | 2023-07-18 | CD1 | 2023-07-18 | Teaching Resources | ||||||||
| Teaching Resources | KH8 Senior School Library | KH8 Senior School Library | Staff Office | 2023-07-18 | 495.18 MAK | TRKHSL000914CD2 | 2023-07-18 | CD2 | 2023-07-18 | Teaching Resources |